000 01068nas a2200313 4500
001 BR8900369
003 BR-BrBNA
005 20231205091436.0
007 ta
008 230509b bl.|||p| |||| 00| 00por d
040 _aBR-BrBNA
_bpor
_cBiblioteca Nacional de Agricultura
041 _a(Pt)
072 _aL70; L01
100 1 _aViana, F.C.
100 1 _aLaender, F.C.
100 1 _aContreras, R.L.
100 1 _aCruz, F.E.R. da
100 1 _aValente, J.O.
100 1 _aSilva Filho, M.P.
245 1 _aDiagnostico da situacao de producao bovina de leite do Municipio de Sete Lagoas - Minas Gerais
246 1 _a[Diagnosis of the situation of bovine milk production at the municipality of Sete Lagoas - Minas Gerais, Brazil]
650 _aGADO LEITEIRO
650 _aVETERINARIA
650 _aPRODUCAO LEITEIRA
650 _aSETE LAGOAS
773 0 _tArquivo Brasileiro de Medicina Veterinaria e Zootecnia (Brazil)
_xISSN 0102-0935
_g(Oct 1987), v. 39(5) p. 699-717
_wBR8900369
909 _a202311
_bLúcia
_c55
_dLúcia Elande
942 _2AGRIS
_n0
_cANA
999 _c125119
_d125119